| 000 | 00528nam a2200169 a 4500 | ||
|---|---|---|---|
| 001 | 000006792 | ||
| 005 | 20200929154006.0 | ||
| 008 | 090902s1985 dr a 000 0 spa d | ||
| 040 | _aDO-SdBNP | ||
| 082 |
_axxxx _bH558a |
||
| 100 | 1 |
_aHernández Soto, Carlos _91368 |
|
| 245 | 1 | 0 |
_aAsí habló el abuelo Bayamanaco : _brelatos y creencias de los taínos / _cCarlos Hernández Soto. |
| 260 |
_aSanto Domingo : _bBURHEN, _c1985. |
||
| 300 |
_a83 P. : _bil. ; _c22 cm. |
||
| 504 | _aIncluye bibliografías (p. 83-84) | ||
| 049 | _aBNPD | ||
| 999 |
_c6580 _d6580 |
||